[Event "Popayan Yeika op 1st"]
[Site "Popayan"]
[Date "2024.10.13"]
[Round "5"]
[White "Restrepo Santa, Fabian"]
[Black "Sanchez Riscanevo, Santiago"]
[Result "1-0"]
[WhiteElo "1772"]
[BlackElo "1588"]
[PlyCount "61"]
[EventDate "2024.10.11"]
[EventType "swiss"]
[EventRounds "7"]
[EventCountry "COL"]
[SourceTitle "CB43_2024"]
[Source "Chessbase"]
[SourceDate "2024.10.23"]
[SourceVersion "1"]
[SourceVersionDate "2024.10.23"]
[SourceQuality "1"]

1. e4 c5 2. Nc3 g6 3. Bc4 Bg7 4. Qf3 e6 5. Nb5 d6 6. Qg3 Be5 7. f4 Bf6 8. Nf3 a6 9. e5 axb5 10. Bxb5+ Bd7 11. Bxd7+ Nxd7 12. exf6 Ngxf6 13. 0-0 0-0 14. d3 Qe7 15. Re1 Rfe8 16. f5 Qf8 17. fxg6 fxg6 18. Qh3 e5 19. Ng5 Qe7 20. b3 Nf8 21. a4 Qd7 22. Qf3 Qg7 23. Rf1 N8d7 24. Qxb7 Rab8 25. Qc7 Rec8 26. Qa5 Rb4 27. Bd2 Rb7 28. Qa6 Nb6 29. a5 Nbd5 30. Qc4 h6 31. Rxf6 1-0

[Event "Manizales op 28th"]
[Site "Manizales"]
[Date "2023.01.06"]
[Round "3"]
[White "Hernandez Pinzon, Helvert"]
[Black "Restrepo Santa, Fabian"]
[Result "1-0"]
[WhiteElo "1899"]
[BlackElo "1609"]
[PlyCount "119"]
[EventDate "2023.01.05"]
[EventType "swiss"]
[EventRounds "8"]
[EventCountry "COL"]
[SourceTitle "CBM 212 Extra"]
[Source "ChessBase"]
[SourceDate "2023.03.31"]
[SourceVersion "1"]
[SourceVersionDate "2023.03.31"]
[SourceQuality "1"]

1. e4 e6 2. b3 c5 3. Bb2 Nc6 4. Nf3 d5 5. exd5 exd5 6. d4 Nf6 7. Be2 Bd6 8. 0-0 0-0 9. Nbd2 Bg4 10. h3 Bh5 11. Re1 Re8 12. Bb5 Qb6 13. Rxe8+ Rxe8 14. Qf1 Re7 15. Bxc6 bxc6 16. Re1 c4 17. Rxe7 Bxe7 18. Qe1 Bd6 19. Ne5 Bg6 20. Nxg6 hxg6 21. Qe3 Qa5 22. bxc4 Qxa2 23. Qb3 Qxb3 24. cxb3 dxc4 25. Nxc4 Bc7 26. Kf1 Nd5 27. g3 f6 28. Ke2 Kf7 29. Kd3 Ke6 30. Ba3 a5 31. Bc5 f5 32. h4 Nb4+ 33. Bxb4 axb4 34. Ne3 f4 35. gxf4 Bxf4 36. Nc2 Bd6 37. Kc4 Be7 38. Nxb4 Kd6 39. f3 Bxh4 40. Nd3 Bg3 41. Nc5 Bh2 42. Ne4+ Kc7 43. Kc5 Bf4 44. b4 Be3 45. Kc4 Kd7 46. Nc5+ Kd6 47. Nd3 g5 48. Nc5 Ke7 49. d5 cxd5+ 50. Kxd5 Kf6 51. b5 Kf5 52. b6 g4 53. fxg4+ Kxg4 54. b7 Bf4 55. Ne6 Bb8 56. Nxg7 Kg5 57. Ke6 Kg6 58. Ne8 Kg5 59. Nd6 Kg6 60. Nb5 1-0

[Event "Manizales op 28th"]
[Site "Manizales"]
[Date "2023.01.05"]
[Round "1"]
[White "Ossa, Orlando Jose"]
[Black "Restrepo Santa, Fabian"]
[Result "1-0"]
[WhiteElo "2193"]
[BlackElo "1609"]
[PlyCount "55"]
[EventDate "2023.01.05"]
[EventType "swiss"]
[EventRounds "8"]
[EventCountry "COL"]
[SourceTitle "CBM 212 Extra"]
[Source "ChessBase"]
[SourceDate "2023.03.31"]
[SourceVersion "1"]
[SourceVersionDate "2023.03.31"]
[SourceQuality "1"]

1. g3 d5 2. Bg2 Bf5 3. c4 c6 4. Qb3 Qc7 5. cxd5 cxd5 6. Nc3 e6 7. d3 a6 8. Bf4 Bd6 9. Bxd6 Qxd6 10. e4 dxe4 11. dxe4 Bg6 12. Qxb7 Qc6 13. Qb4 Nd7 14. Nge2 Ne7 15. 0-0 Rb8 16. Qa3 Qb6 17. Rfd1 Nc5 18. b4 Nb7 19. Na4 Qa7 20. Rac1 Rd8 21. Rxd8+ Nxd8 22. Nc5 0-0 23. Nxa6 Qd7 24. Nc5 Qd2 25. Nc3 Ndc6 26. Rd1 Qc2 27. b5 Ne5 28. Qb3 1-0

[Event "Cali Valle Colombia op-B"]
[Site "Cali Valle Colombia"]
[Date "2022.12.29"]
[Round "7"]
[White "Restrepo Santa, Fabian"]
[Black "Becerra, Danilo"]
[Result "1-0"]
[WhiteElo "1609"]
[BlackElo "1844"]
[PlyCount "89"]
[EventDate "2022.12.26"]
[EventType "swiss"]
[EventRounds "8"]
[EventCountry "COL"]
[SourceTitle "CBM 211 Extra"]
[Source "ChessBase"]
[SourceDate "2023.01.31"]
[SourceVersion "1"]
[SourceVersionDate "2023.01.31"]
[SourceQuality "1"]

1. e4 g6 2. Nc3 Bg7 3. d4 d6 4. f4 Nd7 5. e5 dxe5 6. fxe5 Nh6 7. Bc4 Nb6 8. Bb3 Bg4 9. Nf3 Nf5 10. Bxf7+ Kxf7 11. Ng5+ Ke8 12. Qxg4 Qxd4 13. Qxd4 Nxd4 14. 0-0 Nxc2 15. Rb1 Bxe5 16. Nf3 Bd6 17. Bh6 Nb4 18. Rbd1 Rd8 19. Ne4 N4d5 20. Rde1 e5 21. Ng3 Kd7 22. Nxe5+ Bxe5 23. Rxe5 Rde8 24. Rf7+ Ne7 25. Bg5 Nbc8 26. Ne4 Ref8 27. Rg7 Rf5 28. Rexe7+ Nxe7 29. Rxe7+ Kc6 30. Be3 Rd8 31. Nc3 Rdf8 32. g3 h5 33. Re6+ Kd7 34. Rxg6 Rf3 35. Bf4 Rf7 36. Kg2 Rd3 37. Rh6 Rd4 38. Rxh5 Rb4 39. Rb5 Rxb5 40. Nxb5 c6 41. Nc3 Ke6 42. Kf3 Kf5 43. g4+ Kg6 44. h4 Rd7 45. h5+ 1-0

[Event "Cali Valle Colombia op-B"]
[Site "Cali Valle Colombia"]
[Date "2022.12.27"]
[Round "3"]
[White "Restrepo Santa, Fabian"]
[Black "Galindo, Gustavo"]
[Result "0-1"]
[WhiteElo "1609"]
[BlackElo "1877"]
[PlyCount "60"]
[EventDate "2022.12.26"]
[EventType "swiss"]
[EventRounds "8"]
[EventCountry "COL"]
[SourceTitle "CBM 211 Extra"]
[Source "ChessBase"]
[SourceDate "2023.01.31"]
[SourceVersion "1"]
[SourceVersionDate "2023.01.31"]
[SourceQuality "1"]

1. e4 c6 2. Nc3 d5 3. Nf3 dxe4 4. Nxe4 Nf6 5. Ng3 Bg4 6. h3 Bc8 7. Bc4 e6 8. d3 Qb6 9. Bb3 Bc5 10. 0-0 0-0 11. Bg5 Nbd7 12. c4 a5 13. d4 Be7 14. Qe2 Re8 15. Bc2 Qc7 16. Qd3 g6 17. Rfe1 b5 18. cxb5 cxb5 19. Rac1 Qb6 20. h4 Bb7 21. Ne5 Rad8 22. Qe3 Nxe5 23. dxe5 Qxe3 24. Rxe3 Nd5 25. Bxe7 Rxe7 26. Ree1 Nf4 27. Ne4 Rd4 28. Nf6+ Kg7 29. g3 Nd5 30. Nxd5 Bxd5 0-1

[Event "Cali Region-ch"]
[Site "Cali"]
[Date "2017.05.01"]
[Round "6"]
[White "Wagner, Alejandro"]
[Black "Restrepo Santa, Fabian"]
[Result "1/2-1/2"]
[WhiteElo "1772"]
[BlackElo "1684"]
[PlyCount "83"]
[EventDate "2017.04.28"]
[EventType "swiss"]
[EventRounds "7"]
[EventCountry "COL"]
[SourceTitle "CBM 178 Extra"]
[Source "ChessBase"]
[SourceDate "2017.06.22"]
[SourceVersion "1"]
[SourceVersionDate "2017.06.22"]
[SourceQuality "1"]

1. e4 e5 2. Nf3 Nf6 3. Nxe5 d6 4. Nc4 Nxe4 5. d3 Nf6 6. Bg5 Be7 7. Nc3 0-0 8. d4 Re8 9. Bd3 Ng4 10. Bxe7 Qxe7+ 11. Ne2 Qh4 12. g3 Qh3 13. Qd2 Qg2 14. 0-0-0 Nxf2 15. Rhg1 Nxd3+ 16. Qxd3 Qxe2 17. Rge1 Qxe1 18. Rxe1 Rxe1+ 19. Kd2 Re7 20. h4 Nc6 21. h5 h6 22. Ne3 Bh3 23. Nd5 Rd7 24. g4 Bxg4 25. Qg3 f5 26. Qb3 Na5 27. Nf6+ Kh8 28. Qe6 Rdd8 29. Nd5 Re8 30. Qf7 Nc4+ 31. Kc3 Nb6 32. Nf4 c5 33. dxc5 dxc5 34. Ne6 Nd5+ 35. Kb3 Rg8 36. c4 Bd1+ 37. Ka3 Ne3 38. b3 Rae8 39. Nxg7 Nxc4+ 40. bxc4 Re3+ 41. Kb2 Rxg7 42. Qf8+ 1/2-1/2

[Event "Cali Region-ch"]
[Site "Cali"]
[Date "2017.04.28"]
[Round "1"]
[White "Restrepo Santa, Fabian"]
[Black "Buitrago Grajales, Juan Carlos"]
[Result "0-1"]
[WhiteElo "1684"]
[BlackElo "2085"]
[PlyCount "40"]
[EventDate "2017.04.28"]
[EventType "swiss"]
[EventRounds "7"]
[EventCountry "COL"]
[SourceTitle "CBM 178 Extra"]
[Source "ChessBase"]
[SourceDate "2017.06.22"]
[SourceVersion "1"]
[SourceVersionDate "2017.06.22"]
[SourceQuality "1"]

1. e4 e5 2. Nf3 Nc6 3. d4 exd4 4. Bc4 Nf6 5. e5 d5 6. Bb5 Ne4 7. Nxd4 Bc5 8. Be3 Bd7 9. Bxc6 bxc6 10. Nd2 Nxd2 11. Qxd2 Qe7 12. f4 0-0 13. 0-0 f6 14. Nb3 Bb6 15. Qc3 Rae8 16. Bc5 fxe5 17. fxe5 Rxf1+ 18. Rxf1 h6 19. Kh1 Qxe5 20. Rf8+ Rxf8 0-1

[Event "Cali op-C"]
[Site "Cali"]
[Date "2008.12.27"]
[Round "3"]
[White "Garcia, Harold"]
[Black "Restrepo Santa, Fabian"]
[Result "1-0"]
[WhiteElo "1600"]
[BlackElo "1654"]
[PlyCount "61"]
[EventDate "2008.12.26"]
[EventType "swiss"]
[EventRounds "9"]
[EventCountry "COL"]
[SourceTitle "EXT 2011"]
[Source "ChessBase"]
[SourceDate "2010.11.26"]
[SourceVersion "1"]
[SourceVersionDate "2010.11.26"]
[SourceQuality "1"]

1. d4 e6 2. c4 d5 3. e3 Nf6 4. Nc3 Bb4 5. Bd3 0-0 6. Nf3 dxc4 7. Bxc4 b6 8. 0-0 Ba6 9. Bxa6 Nxa6 10. a3 Be7 11. Qe2 Qe8 12. Ne5 c5 13. Qf3 Bd6 14. Ng4 Nxg4 15. Qxg4 f5 16. Qe2 Nc7 17. dxc5 Bxc5 18. b4 Bd6 19. Bb2 Qb8 20. f4 Be7 21. Rfd1 Rd8 22. Qc4 b5 23. Nxb5 Qxb5 24. Qxc7 Rxd1+ 25. Rxd1 Qe2 26. Qc1 Kf7 27. Rd7 Rc8 28. Qd2 Rc7 29. Be5 Rb7 30. Rd3 g6 31. Qxe2 1-0